FastCourse Powerpoint 2007 : (Record no. 6417)
[ view plain ]
| 000 -LEADER | |
|---|---|
| fixed length control field | 00443cam a22001577a 4500 |
| 020 ## - ISBN | |
| International Standard Book Number | 1591362105 (pbk.) |
| 020 ## - ISBN | |
| International Standard Book Number | 9781591362104 (pbk.) |
| 050 00 - LIBRARY OF CONGRESS CALL NUMBER | |
| Classification Number | T385 |
| Item Number | .F42 2009 |
| 100 1# - MAIN ENTRY--Author | |
| Personal name | Fehl, Alec. |
| 245 10 - TITLE | |
| Title | FastCourse Powerpoint 2007 : |
| Remainder of title | Level 2 / |
| Statement of responsibility, etc | Alec Fehl. |
| 260 ## - PUBLICATION, DISTRIBUTION, ETC.(IMPRINT) | |
| Place of publication, distribution, etc | El Sobrante, CA [USA] : |
| Name of publisher, distributor, etc | Labyrinth Learning, |
| Date of publication, distribution, etc | c2009. |
| 300 ## - PHYSICAL DESCRIPTION | |
| Extent | v, 97 p. : |
| 500 ## - GENERALNOTE | |
| General note | Includes index. |
| 650 ## - SUBJECT--TOPIC | |
| General subdivision | Microsoft powerpoint. |
| 942 ## - ADDED ENTRY ELEMENTS(KOHA) | |
| Source of classification or shelving scheme | Library of Congress Classification |
| Koha item type | General circulation |
| Source of classification or shelving scheme | Not for loan | Location (home branch) | Sublocation (holding branch) | Shelving location | Date accessioned | Cost, normal purchase price | Serial Enumeration / chronology | Full call number | Barcode | Cost, replacement price | Nonpublic note | Koha item type | Public note |
|---|---|---|---|---|---|---|---|---|---|---|---|---|---|
| Library of Congress Classification | Main Campus Library | Main Campus Library | 20/07/2015 | 1500.00 | The fastcourse series | T385 .F42 2009 | 2015/003805 | 1650.00 | Nzk | General circulation | Nzk | ||
| Library of Congress Classification | Main Campus Library | Main Campus Library | 20/07/2015 | 1500.00 | The fastcourse series | T385 .F42 2009 | 2015/003806 | 1650.00 | Nzk | General circulation | Nzk |